000
00287nam a22001337a 4500
008
171011b xxu||||| |||| 00| 0 eng d
020
_a
9780253210432
041
_a
eng
080
_a
316
100
_a
50
101
_a
SOC
245
_a
MORE THAN CHATTEL
_c
GASPAR,D.B
942
_2
udc
_c
BK
999
_c
33141
_d
33141